000 00717nam a2200241Ia 4500
003 OSt
005 20220918190501.0
006 a|||||r|||| 00| 0
007 ta
008 220917b |||||||| |||| 00| 0 eng d
024 _a57,142
037 _cTextual
040 _aARTS
_cARTS
_beng
041 _2eng
_aeng
082 _aP4313:3, K6
100 _aColin A
_972803
245 0 _aSyntax of Tho a Tai language of Vietnam
_b Thesis submitted for he degree of doctor of philosophy of the Univ of London
260 _aLondon
_bSchool of oriental and African School
_c1966
300 _a149p.
_ccm.
650 _aLINGUISTICS
942 _hP4313:3, K6
_cTEXL
_2CC
999 _c185399
_d185399